[Event "Tianjin Binhai Cup 2nd"]
[Site "Tianjin"]
[Date "2020.01.14"]
[Round "3"]
[White "Amilal, Munkhdalai"]
[Black "Geng, Tiankai"]
[Result "1/2-1/2"]
[WhiteElo "2070"]
[BlackElo "1593"]
[PlyCount "62"]
[EventDate "2020.01.13"]
[EventType "swiss"]
[EventRounds "9"]
[EventCountry "CHN"]
[SourceTitle "CBM 194 Extra"]
[Source "ChessBase"]
[SourceDate "2020.03.31"]
[SourceVersion "1"]
[SourceVersionDate "2020.03.31"]
[SourceQuality "1"]

1. e4 c5 2. Nf3 Nc6 3. d4 cxd4 4. Nxd4 Nf6 5. Nc3 e5 6. Ndb5 d6 7. Bg5 a6 8. Na3 b5 9. Nd5 Be7 10. Bxf6 Bxf6 11. c4 b4 12. Nc2 a5 13. g3 Bg5 14. h4 Bh6 15. Bh3 0-0 16. Bxc8 Rxc8 17. Qg4 Ne7 18. Nxe7+ Qxe7 19. b3 f5 20. exf5 d5 21. Ne3 Bxe3 22. fxe3 dxc4 23. bxc4 Qc5 24. 0-0 Qxe3+ 25. Kg2 Qd4 26. Qxd4 exd4 27. Rac1 Rc5 28. Rf4 Rcxf5 29. Rxf5 Rxf5 30. Rd1 Rc5 31. Rxd4 a4 1/2-1/2

[Event "Penang op 11th"]
[Site "Penang"]
[Date "2019.12.13"]
[Round "7"]
[White "Geng, Tiankai"]
[Black "Lim, Kian Hwa"]
[Result "0-1"]
[WhiteElo "1543"]
[BlackElo "1718"]
[PlyCount "100"]
[EventDate "2019.12.09"]
[EventType "swiss"]
[EventRounds "9"]
[EventCountry "MAS"]
[SourceTitle "CBM 193 Extra"]
[Source "ChessBase"]
[SourceDate "2020.01.31"]
[SourceVersion "1"]
[SourceVersionDate "2020.01.31"]
[SourceQuality "1"]

1. e4 e5 2. Nf3 Nc6 3. Bb5 a6 4. Bxc6 dxc6 5. 0-0 f6 6. d4 exd4 7. Nxd4 c5 8. Nb3 Qxd1 9. Rxd1 Bd6 10. Be3 b6 11. Nc3 Bb7 12. a4 Be5 13. a5 Ne7 14. f3 c4 15. Nd4 b5 16. Nce2 Kf7 17. c3 Rhe8 18. Bf4 Ng6 19. Be3 Rad8 20. Nf5 Ne7 21. Nxe7 Kxe7 22. Nd4 Kf7 23. Kf2 g6 24. h4 h5 25. g3 Rd6 26. Ne2 Red8 27. Rxd6 Bxd6 28. Bd4 c5 29. Be3 Be7 30. Rc1 g5 31. hxg5 fxg5 32. g4 hxg4 33. fxg4 Bxe4 34. Ng3 Bg6 35. Nf1 Kg7 36. Nd2 Bd3 37. Rh1 Kg6 38. Rh3 Rf8+ 39. Rf3 Rh8 40. Rg3 Bd6 41. Rg2 Rh3 42. Rg1 Bf4 43. Bxf4 gxf4 44. Nf3 Be4 45. Ne5+ Kg7 46. Nd7 Rh2+ 47. Ke1 f3 48. Rf1 Re2+ 49. Kd1 Bc2+ 50. Kc1 f2 0-1

[Event "Penang op 11th"]
[Site "Penang"]
[Date "2019.12.09"]
[Round "1"]
[White "Arfan, Aditya Bagus"]
[Black "Geng, Tiankai"]
[Result "1-0"]
[WhiteElo "2072"]
[BlackElo "1543"]
[PlyCount "105"]
[EventDate "2019.12.09"]
[EventType "swiss"]
[EventRounds "9"]
[EventCountry "MAS"]
[SourceTitle "CBM 193 Extra"]
[Source "ChessBase"]
[SourceDate "2020.01.31"]
[SourceVersion "1"]
[SourceVersionDate "2020.01.31"]
[SourceQuality "1"]

1. e4 c5 2. Nf3 Nc6 3. d4 cxd4 4. Nxd4 Nf6 5. Nc3 e5 6. Ndb5 d6 7. Bg5 a6 8. Na3 b5 9. Nd5 Be7 10. Bxf6 Bxf6 11. c3 0-0 12. Nc2 Bg5 13. a4 bxa4 14. Rxa4 a5 15. Bc4 Rb8 16. b3 Kh8 17. Nce3 g6 18. 0-0 f5 19. exf5 gxf5 20. f4 exf4 21. Nc2 Ne5 22. Nd4 Bd7 23. Ra1 Ng4 24. Nxf4 Ne3 25. Qh5 Be8 26. Qh3 Bxf4 27. Rxf4 Nxc4 28. bxc4 Bg6 29. Kh1 Qb6 30. Rff1 f4 31. Qg4 Rf7 32. Rae1 Qb2 33. Qe6 Rg8 34. Qxd6 Bd3 35. Qe5+ Rfg7 36. Rg1 Qxc3 37. c5 Rd8 38. Qf6 Qxd4 39. Re8+ Rxe8 40. Qxd4 Be4 41. Qf2 Reg8 42. Qb2 f3 43. h3 a4 44. gxf3 Bxf3+ 45. Kh2 a3 46. Qa1 h6 47. Qf6 Kh7 48. Rxg7+ Rxg7 49. Qxf3 Ra7 50. Qd3+ Kg7 51. c6 Kf7 52. Qf3+ Ke6 53. Qe3+ 1-0